1300 1553 1021 1824 1765 1716 1462 1211 1421 1948 1634 1416 1512 1948 1357 1702 1739 1250 1741 1511 1243 1595 1821 1464 1798 1579 1586 1977 1623 1527 1964 1637 1484 1463 1961 1731 1201 1910 1130 1264 1786 1359 1838 1469 1260 1441 1225 1926 1965 1934 1363 1129 1990 1587 1413 1048 1693 1571 1743 1992 1036 1227 1509 1972 1543 1399 1570 1471 1567 1679 1909 1179 1134 1132 1791 1882 1555 1089 1263 1538 1967 1712 1465 1094 1241 1011 1501 1752 1941 1513 1008 1559 1504 1628 1710 1572 1104 1212 1467 BCNSPRNW ULIB Ver.6.0+V

เปลี่ยนเป็นภาษาไทย

Change to English
 แสดงรายละเอียดบรรณานุกรม
  กลับหน้าหลัก

Brief Record : Get Marc (ISO 2709) : E-mail record : QR code < ปิดหน้าต่าง
LEADER : 00000nas 2200000uu 4500
001    13399124718
003     ULIB
008    160203s||||||||th 000 0 tha d
022 0  ^a24081396
110 1  มหาวิทยาลัยเซนต์หลุยส์
245 00 วารสารสุขภาพกับการจัดการสุขภาพ
246 0  Journal of Health and health mamagement
310    ^aรายสี่เดือน
850 ^a ULIB^bปีที่ 4 ฉบับที่ 1 ฉ.1 ;ปีที่ 3 ฉบับที่ 3 ฉ.1 ;ปีที่ 2 ฉบับที่ 3 ฉ.1 ;ปีที่ 2 ฉบับที่ 1 ฉ.1 ;ปีที่ 1 ฉบับที่ 1 ฉ.1 ;ปีที่ 6 ฉบับที่ 2 ฉ.1 ;ปีที่ 7 ฉบับที่ 1 ฉ.1 ;ปีที่ 7 ฉบับที่ 2 ฉ.1
945    ^p0^l0^i905274
945    ^p0^l0^i905273
945    ^p0^l0^i905272
945    ^p0^l0^i903590
945    ^p0^l0^i904437
945    ^p0^l0^i905959
945    ^p0^l0^i905960
945    ^p0^l0^i905961
999    ^aเกษร โพธิ์สุวรรณ
รายการนี้ยังไม่มีแท็ก
คุณยังไม่ได้ล็อกอิน คุณสามารถมีกิจกรรมร่วมกับเว็บไซต์ได้ แต่ต้องล็อกอินก่อน ::
  ล็อกอิน

รายการสื่อสารสนเทศ (วารสาร)

ดูแบบ: กล่อง รายการ
ARRIVED
ปีที่ 1 ฉบับที่ 1 ฉ.1
สถานที่: ห้องสมุดวิทยาเขตสวรรค์ประชารักษ์ >หนังสือพิมพ์
ARRIVED
ปีที่ 2 ฉบับที่ 1 ฉ.1
สถานที่: ห้องสมุดวิทยาเขตสวรรค์ประชารักษ์ >วารสาร
ARRIVED
ปีที่ 2 ฉบับที่ 3 ฉ.1
สถานที่: ห้องสมุดวิทยาเขตสวรรค์ประชารักษ์ >วารสาร
ARRIVED
ปีที่ 3 ฉบับที่ 3 ฉ.1
สถานที่: ห้องสมุดวิทยาเขตสวรรค์ประชารักษ์ >วารสาร
ARRIVED
ปีที่ 4 ฉบับที่ 1 ฉ.1
สถานที่: ห้องสมุดวิทยาเขตสวรรค์ประชารักษ์ >วารสาร
ARRIVED
ปีที่ 6 ฉบับที่ 2 ฉ.1
สถานที่: ห้องสมุดวิทยาเขตสวรรค์ประชารักษ์ >วารสาร
ARRIVED
ปีที่ 7 ฉบับที่ 1 ฉ.1
สถานที่: ห้องสมุดวิทยาเขตสวรรค์ประชารักษ์ >วารสาร
ARRIVED
ปีที่ 7 ฉบับที่ 2 ฉ.1
สถานที่: ห้องสมุดวิทยาเขตสวรรค์ประชารักษ์ >วารสาร

BibComment


ยังไม่เคยถูกคอมเมนท์

คอมเมนท์ทรัพยากรรายการนี้
  คอมเมนท์: วารสารสุขภาพกับกา..


 Copyright 2026. Bcnsprnw @Library